[Event "Sardinia World op-A"]
[Site "Orosei"]
[Date "2024.04.30"]
[Round "5"]
[White "Erdogmus, Yagiz Kaan"]
[Black "Dardha, Daniel"]
[Result "1/2-1/2"]
[WhiteElo "2540"]
[BlackElo "2630"]
[PlyCount "98"]
[EventDate "2024.04.27"]
[EventType "swiss"]
[EventRounds "9"]
[EventCountry "ITA"]
[SourceTitle "CB19_2024"]
[SourceDate "2024.05.08"]
[SourceVersion "1"]
[SourceVersionDate "2024.05.08"]
[SourceQuality "1"]

1. d4 d5 2. c4 e6 3. Nc3 Be7 4. Nf3 Nf6 5. Bf4 0-0 6. e3 c5 7. dxc5 Bxc5 8. cxd5 Nxd5 9. Nxd5 exd5 10. Bd3 Bb4+ 11. Nd2 d4 12. Qc2 Nc6 13. 0-0 h6 14. a3 Bd6 15. Bxd6 Qxd6 16. Ne4 Qe7 17. Rfe1 Rd8 18. Qc5 Qxc5 19. Nxc5 b6 20. Be4 bxc5 21. Bxc6 Rb8 22. exd4 cxd4 23. b4 Be6 24. Red1 Rd6 25. Rac1 Rc8 26. b5 d3 27. Rc3 d2 28. f3 a6 29. a4 Bd7 30. Kf2 Bxc6 31. bxc6 Rcxc6 32. Rxc6 Rxc6 33. Rxd2 Rc4 34. Rd8+ Kh7 35. Rd7 f6 36. g4 Rxa4 37. Ra7 Ra1 38. Kg3 a5 39. h4 h5 40. gxh5 Kh6 41. Kg4 Rg1+ 42. Kh3 Ra1 43. Kg4 a4 44. Kf5 Rf1 45. Ra8 Kh7 46. Rxa4 Rxf3+ 47. Kg4 Rc3 48. Ra8 Rc5 49. Rb8 Re5 1/2-1/2

[Event "Karlsruhe Grenke op"]
[Site "Karlsruhe"]
[Date "2024.03.30"]
[Round "5"]
[White "Erdogmus, Yagiz Kaan"]
[Black "Mishra, Abhimanyu"]
[Result "1/2-1/2"]
[WhiteElo "2540"]
[BlackElo "2627"]
[PlyCount "50"]
[EventDate "2024.03.28"]
[EventType "swiss"]
[EventRounds "9"]
[EventCountry "GER"]
[SourceTitle "CB14_2024"]
[SourceDate "2024.04.01"]
[SourceVersion "1"]
[SourceVersionDate "2024.04.01"]
[SourceQuality "1"]

1. d4 d5 2. c4 c6 3. cxd5 cxd5 4. Nc3 Nf6 5. Bf4 Nc6 6. e3 a6 7. Bd3 Bg4 8. Nge2 e6 9. h3 Bxe2 10. Qxe2 Bd6 11. Bg5 0-0 12. 0-0 h6 13. Bh4 Be7 14. Rfc1 Ne8 15. Bxe7 Qxe7 16. Na4 Nd6 17. a3 Na5 18. Rc3 Rac8 19. Rac1 Rxc3 20. Rxc3 Nac4 21. Bxc4 Nxc4 22. Nc5 Rc8 23. Qc2 Nd6 24. Nd3 Rc6 25. Rc5 Rxc5 1/2-1/2

[Event "Titled Tuesday intern op 13th Feb Late"]
[Site "Chess.com INT"]
[Date "2024.02.13"]
[Round "1"]
[White "Seletsky, Grigory"]
[Black "Erdogmus, Yagiz Kaan"]
[Result "1/2-1/2"]
[WhiteElo "2181"]
[BlackElo "2524"]
[PlyCount "73"]
[EventDate "2024.02.13"]
[EventType "swiss (blitz)"]
[EventRounds "11"]
[EventCountry "USA"]
[SourceTitle "CB08_2024"]
[SourceDate "2024.02.21"]
[SourceVersion "1"]
[SourceVersionDate "2024.02.21"]
[SourceQuality "1"]

1. b3 Nc6 2. Bb2 e5 3. e3 Nf6 4. Bb5 Bd6 5. Nf3 e4 6. Nd4 0-0 7. Be2 Ne7 8. d3 exd3 9. cxd3 c6 10. 0-0 Bc7 11. Nd2 d5 12. b4 Ng6 13. N2f3 a5 14. a3 Re8 15. h3 Bd6 16. Qb3 Bd7 17. Bc3 a4 18. Qb2 b6 19. Rac1 c5 20. Nc2 d4 21. Bd2 Nf4 22. Rfe1 Nxe2+ 23. Rxe2 Bf5 24. e4 c4 25. Ncxd4 cxd3 26. Re3 Bxe4 27. Rce1 Bf4 28. Rxe4 Rxe4 29. Rxe4 Bxd2 30. Nxd2 Nxe4 31. Nxe4 Qd5 32. Nd2 Rd8 33. N4f3 Rc8 34. Nd4 b5 35. N2f3 h6 36. g4 Rc4 37. Nf5 1/2-1/2

[Event "Sitges Sunway op 10th"]
[Site "Sitges"]
[Date "2023.12.19"]
[Round "7"]
[White "Aravindh, Chithambaram VR"]
[Black "Erdogmus, Yagiz Kaan"]
[Result "1/2-1/2"]
[WhiteElo "2646"]
[BlackElo "2496"]
[PlyCount "106"]
[EventDate "2023.12.12"]
[EventType "swiss"]
[EventRounds "10"]
[EventCountry "ESP"]
[SourceTitle "CB52_2023"]
[SourceDate "2023.12.27"]
[SourceVersion "1"]
[SourceVersionDate "2023.12.27"]
[SourceQuality "1"]

1. c4 c6 2. d4 d5 3. Nf3 Nf6 4. e3 e6 5. Nbd2 c5 6. cxd5 exd5 7. b3 Nc6 8. Bb2 Bd6 9. dxc5 Bxc5 10. Rc1 Bd6 11. Bb5 Bd7 12. 0-0 a6 13. Be2 0-0 14. Nc4 Bc7 15. Nce5 Nxe5 16. Nxe5 Be6 17. Nd3 Rc8 18. g3 Qe7 19. Bf3 Ne4 20. Bg2 Rfd8 21. Bd4 Bd6 22. Rxc8 Rxc8 23. Qa1 f6 24. Rc1 Rxc1+ 25. Qxc1 Qc7 26. Qxc7 Bxc7 27. f3 Nd6 28. Nc5 Kf7 29. Nxe6 Kxe6 30. Bh3+ Kf7 31. Bc5 g6 32. Bd7 Ke7 33. Bc8 Bb6 34. Bxb6 Nxc8 35. Bc5+ Ke6 36. Kf2 Nd6 37. Bxd6 Kxd6 38. Ke2 Kc5 39. a3 a5 40. Kd3 f5 41. Kc3 g5 42. h3 h5 43. Kd3 g4 44. fxg4 fxg4 45. hxg4 hxg4 46. Kc3 Kd6 47. Kd4 b5 48. b4 a4 49. e4 dxe4 50. Kxe4 Ke6 51. Kd4 Kd6 52. Ke4 Ke6 53. Kd4 Kd6 1/2-1/2

[Event "Sitges Sunway op 10th"]
[Site "Sitges"]
[Date "2023.12.13"]
[Round "2"]
[White "Erdogmus, Yagiz Kaan"]
[Black "Rakshitta, Ravi"]
[Result "1-0"]
[WhiteElo "2496"]
[BlackElo "2245"]
[PlyCount "117"]
[EventDate "2023.12.12"]
[EventType "swiss"]
[EventRounds "10"]
[EventCountry "ESP"]
[SourceTitle "CB52_2023"]
[SourceDate "2023.12.27"]
[SourceVersion "1"]
[SourceVersionDate "2023.12.27"]
[SourceQuality "1"]

1. e4 e5 2. Nf3 Nc6 3. Bb5 Nge7 4. Nc3 Ng6 5. d4 Nxd4 6. Nxd4 exd4 7. Qxd4 c6 8. Be2 Qb6 9. Qd3 Be7 10. 0-0 0-0 11. a4 d6 12. a5 Qc7 13. f4 f5 14. Qc4+ Kh8 15. Nd5 Qd8 16. Nxe7 Qxe7 17. exf5 d5 18. Qc3 Bxf5 19. Rf2 Rae8 20. g4 Bd7 21. f5 c5 22. Qh3 Ne5 23. Bf4 d4 24. Raf1 Bc6 25. g5 Qd7 26. Bxe5 Rxe5 27. Bc4 Qe7 28. Qh4 Re1 29. Be6 Rxf1+ 30. Rxf1 Bd7 31. Re1 Bxe6 32. Rxe6 Qd8 33. f6 gxf6 34. g6 Qd7 35. Rxf6 Rxf6 36. Qxf6+ Kg8 37. Kf2 hxg6 38. Qxg6+ Kh8 39. Qh5+ Kg7 40. Qg5+ Kh7 41. Qh5+ Kg8 42. Qxc5 Qf7+ 43. Kg3 Qg6+ 44. Kf4 Qf6+ 45. Ke4 Qh4+ 46. Kd3 Qxh2 47. Qc8+ Kf7 48. Qxb7+ Kf6 49. Qxa7 Qg3+ 50. Kc4 Qg8+ 51. Kb4 Qg4 52. Qb6+ Ke7 53. Qc7+ Kf6 54. Qd6+ Kf7 55. Kb3 Qf3+ 56. Ka2 Qe4 57. Qc7+ Ke8 58. Qc4 Qe5 59. b4 1-0

[Event "Sant Boi de Llobregat op 4th"]
[Site "Sant Boi de Llobregat"]
[Date "2023.12.06"]
[Round "7"]
[White "Fiorito, Francisco"]
[Black "Erdogmus, Yagiz Kaan"]
[Result "0-1"]
[WhiteElo "2370"]
[BlackElo "2496"]
[PlyCount "58"]
[EventDate "2023.11.30"]
[EventType "swiss"]
[EventRounds "9"]
[EventCountry "ESP"]
[SourceTitle "CB50_2023"]
[SourceDate "2023.12.13"]
[SourceVersion "1"]
[SourceVersionDate "2023.12.13"]
[SourceQuality "1"]

1. Nf3 Nf6 2. b3 d5 3. Bb2 c6 4. e3 Bf5 5. Be2 h6 6. c4 e6 7. cxd5 exd5 8. d3 Be7 9. 0-0 0-0 10. Nbd2 Nbd7 11. a3 a5 12. Qc2 Re8 13. Rfe1 Bf8 14. Bf1 Bh7 15. Bc3 c5 16. Qb2 b5 17. b4 d4 18. exd4 Rxe1 19. Rxe1 cxb4 20. axb4 Nd5 21. Qb3 Nxc3 22. Qxc3 Bxb4 23. Qc6 Rb8 24. Rc1 Bf5 25. Ne4 Nf6 26. Nc5 Rb6 27. Ne5 Rxc6 28. Nxc6 Qd6 29. Nxb4 axb4 0-1

[Event "Sant Boi de Llobregat op 4th"]
[Site "Sant Boi de Llobregat"]
[Date "2023.12.04"]
[Round "5"]
[White "Alekseenko, Kirill"]
[Black "Erdogmus, Yagiz Kaan"]
[Result "1-0"]
[WhiteElo "2670"]
[BlackElo "2496"]
[PlyCount "81"]
[EventDate "2023.11.30"]
[EventType "swiss"]
[EventRounds "9"]
[EventCountry "ESP"]
[SourceTitle "CB50_2023"]
[SourceDate "2023.12.13"]
[SourceVersion "1"]
[SourceVersionDate "2023.12.13"]
[SourceQuality "1"]

1. e4 c5 2. Nc3 e6 3. Nf3 Nc6 4. h3 a6 5. d4 cxd4 6. Nxd4 Qc7 7. Nxc6 bxc6 8. Bd3 Nf6 9. 0-0 d5 10. Qe2 Be7 11. Bg5 h6 12. Bd2 0-0 13. Rfe1 dxe4 14. Nxe4 Nd5 15. Ng3 Nf4 16. Bxf4 Qxf4 17. Rad1 g6 18. c3 a5 19. Be4 Ba6 20. Bd3 Bxd3 21. Rxd3 Rad8 22. Ne4 Rxd3 23. Qxd3 f5 24. Nd2 Rd8 25. Qc4 Qxc4 26. Nxc4 Kf7 27. Nxa5 Rd2 28. Nc4 Rc2 29. Kf1 Kf6 30. g3 Bc5 31. Re2 Rc1+ 32. Kg2 Be7 33. a4 Ra1 34. a5 Ra4 35. b3 Ra1 36. b4 g5 37. f4 gxf4 38. gxf4 Rc1 39. Ra2 Bxb4 40. cxb4 Rxc4 41. a6 1-0

[Event "Sant Boi de Llobregat op 4th"]
[Site "Sant Boi de Llobregat"]
[Date "2023.12.02"]
[Round "3"]
[White "Erdogmus, Yagiz Kaan"]
[Black "Fedoseev, Vladimir1"]
[Result "1/2-1/2"]
[WhiteElo "2496"]
[BlackElo "2683"]
[PlyCount "234"]
[EventDate "2023.11.30"]
[EventType "swiss"]
[EventRounds "9"]
[EventCountry "ESP"]
[SourceTitle "CB50_2023"]
[SourceDate "2023.12.13"]
[SourceVersion "1"]
[SourceVersionDate "2023.12.13"]
[SourceQuality "1"]

1. e4 e5 2. Nf3 Nc6 3. Bb5 Nf6 4. 0-0 Nxe4 5. Re1 Nd6 6. Nxe5 Be7 7. Bf1 Nf5 8. c3 Nxe5 9. Rxe5 d6 10. Re1 c5 11. d3 0-0 12. Nd2 d5 13. Nf3 Be6 14. g3 h6 15. Bg2 Bd6 16. Qc2 Rc8 17. b3 b5 18. a4 a6 19. axb5 axb5 20. Ra6 Ra8 21. Rxa8 Qxa8 22. Bb2 Qb8 23. Ra1 Re8 24. Bc1 Ne7 25. Be3 Bf5 26. Qd1 Qc8 27. Qd2 Rd8 28. Bf4 Bxf4 29. Qxf4 Bxd3 30. Ne5 Bf5 31. Ra7 Ng6 32. Nxg6 Bxg6 33. h4 c4 34. bxc4 dxc4 35. Qe5 Qf5 36. Qxf5 Bxf5 37. Rb7 Bd7 38. Kf1 Kf8 39. Be4 Bh3+ 40. Ke2 Re8 41. Kf3 Re5 42. Bc6 Be6 43. Rxb5 Re1 44. Ra5 Ke7 45. Kf4 Re2 46. Kf3 Re1 47. Kf4 Kf6 48. g4 g6 49. g5+ Kg7 50. Re5 Rd1 51. gxh6+ Kxh6 52. h5 Rd6 53. Bb5 gxh5 54. Re4 Rd2 55. Bxc4 Rxf2+ 56. Kg3 Rf6 57. Bxe6 Rxe6 58. Rc4 Kg5 59. Rc8 h4+ 60. Kf3 Rh6 61. Kg2 Kf4 62. Kh3 f5 63. c4 Rd6 64. c5 Rd1 65. Ra8 Rh1+ 66. Kg2 Rc1 67. Kh3 Rxc5 68. Kxh4 Re5 69. Ra3 Re4 70. Rb3 Re5 71. Ra3 Rd5 72. Kh3 Rd2 73. Ra4+ Kf3 74. Ra3+ Kf2 75. Kh4 Rd4+ 76. Kh3 Re4 77. Ra2+ Re2 78. Ra4 Re3+ 79. Kh2 Re4 80. Ra2+ Re2 81. Ra4 Kf3+ 82. Kh3 f4 83. Ra3+ Re3 84. Ra2 Rd3 85. Kh2 Rd1 86. Rb2 Re1 87. Rb3+ Kf2 88. Rb2+ Kf1 89. Rb3 Re2+ 90. Kh1 Re3 91. Rb1+ Kf2 92. Kh2 Re1 93. Rb2+ Re2 94. Rb1 Ra2 95. Rc1 Ra7 96. Rc2+ Ke3 97. Rc3+ Ke2 98. Rc2+ Ke3 99. Rc3+ Kd4 100. Rb3 Rg7 101. Rb4+ Ke3 102. Rb3+ Ke2 103. Rb2+ Ke1 104. Rb1+ Kd2 105. Rb2+ Kd3 106. Rb3+ Kd4 107. Rb4+ Ke5 108. Rb5+ Kf6 109. Rb6+ Kf5 110. Rb5+ Kg4 111. Kg2 Re7 112. Rb2 Re3 113. Ra2 Rh3 114. Ra4 Rh8 115. Ra3 f3+ 116. Rxf3 Rh2+ 117. Kxh2 Kxf3 1/2-1/2

[Event "Titled Tuesday intern op 14th Nov Early"]
[Site "Chess.com INT"]
[Date "2023.11.14"]
[Round "4"]
[White "Erdogmus, Yagiz Kaan"]
[Black "Rychkov, Oleg"]
[Result "1-0"]
[WhiteElo "2496"]
[BlackElo "2384"]
[PlyCount "101"]
[EventDate "2023.11.14"]
[EventType "swiss (blitz)"]
[EventRounds "11"]
[EventCountry "USA"]
[SourceTitle "CB47_2023"]
[SourceDate "2023.11.22"]
[SourceVersion "1"]
[SourceVersionDate "2023.11.22"]
[SourceQuality "1"]

1. e4 e5 2. Nf3 Nc6 3. Bc4 Nf6 4. Ng5 d5 5. exd5 Nd4 6. c3 b5 7. Bf1 Nxd5 8. cxd4 Qxg5 9. Bxb5+ Kd8 10. Qf3 Bb7 11. 0-0 Rb8 12. dxe5 Ne3 13. Qh3 Qxg2+ 14. Qxg2 Nxg2 15. d4 Nh4 16. Bg5+ Be7 17. Bxh4 Bxh4 18. Nc3 h5 19. b3 Rh6 20. Bd3 Ke7 21. Be4 Ba6 22. Rfc1 Kf8 23. Nd5 c6 24. Ne3 Bb7 25. Rc2 Bg5 26. Nf5 Re6 27. Nd6 Ba8 28. Bxc6 Bxc6 29. Rxc6 Rg6 30. Kh1 Bf4 31. Rc7 f6 32. Rf7+ Kg8 33. Rxa7 fxe5 34. Nf5 Kh7 35. Rg1 Rf8 36. Rxg6 Kxg6 37. Nh4+ Kf6 38. Ra6+ Kg5 39. Ng6 Rc8 40. Nxe5 Kf5 41. Kg2 g5 42. Nd3 Rc2 43. Ra5+ Kg4 44. h3+ Kh4 45. Ne1 Rc3 46. Nf3+ Rxf3 47. Kxf3 Kxh3 48. Rf5 Bd2 49. d5 g4+ 50. Ke2 Bb4 51. Rxh5+ 1-0

[Event "Titled Tuesday intern op 14th Nov Early"]
[Site "Chess.com INT"]
[Date "2023.11.14"]
[Round "5"]
[White "Sychev, Klementy"]
[Black "Erdogmus, Yagiz Kaan"]
[Result "1-0"]
[WhiteElo "2542"]
[BlackElo "2496"]
[PlyCount "81"]
[EventDate "2023.11.14"]
[EventType "swiss (blitz)"]
[EventRounds "11"]
[EventCountry "USA"]
[SourceTitle "CB47_2023"]
[SourceDate "2023.11.22"]
[SourceVersion "1"]
[SourceVersionDate "2023.11.22"]
[SourceQuality "1"]

1. e4 c5 2. Nf3 d6 3. d4 cxd4 4. Nxd4 Nf6 5. Nc3 a6 6. Bc4 e6 7. f4 Be7 8. e5 dxe5 9. fxe5 Nfd7 10. Bxe6 Nxe5 11. Bxc8 Qxc8 12. 0-0 0-0 13. Nf5 Bc5+ 14. Kh1 Qe6 15. Ne4 Nbd7 16. Qh5 g6 17. Nh6+ Kg7 18. Qh4 Be7 19. Ng5 Bxg5 20. Bxg5 f6 21. Bd2 Qc4 22. Qg3 Kh8 23. Bc3 Rae8 24. Rad1 b5 25. b3 Qe6 26. Bb4 Rc8 27. Bxf8 Rxf8 28. h3 Rc8 29. Ng4 Rxc2 30. Nxe5 Nxe5 31. Qf4 Kg7 32. Rf2 Rc8 33. Rfd2 Rc7 34. Rd6 Qe7 35. Rxa6 Rc2 36. a4 bxa4 37. bxa4 g5 38. Qf5 Ra2 39. Re6 Qf7 40. Rxe5 fxe5 41. Rd7 1-0

[Event "SRB-chT Premier"]
[Site "Bajina Basta"]
[Date "2023.09.28"]
[Round "11.4"]
[White "Indjic, Aleksandar"]
[Black "Erdogmus, Yagiz Kaan"]
[Result "1-0"]
[WhiteElo "2606"]
[BlackElo "2483"]
[PlyCount "55"]
[EventDate "2023.09.18"]
[EventType "team-tourn"]
[EventRounds "11"]
[EventCountry "SRB"]
[SourceTitle "EXT 2024"]
[Source "ChessBase"]
[SourceDate "2023.10.10"]
[SourceVersion "1"]
[SourceVersionDate "2023.10.10"]
[SourceQuality "1"]
[WhiteTeam "Ruma Sloven"]
[BlackTeam "Novi Sad SK"]
[WhiteTeamCountry "SRB"]
[BlackTeamCountry "SRB"]

1. d4 Nf6 2. c4 e6 3. Nc3 d5 4. Bg5 Be7 5. e3 0-0 6. Nf3 h6 7. Bxf6 Bxf6 8. Qc2 c6 9. h4 g6 10. 0-0-0 Bg7 11. e4 dxe4 12. Nxe4 Na6 13. a3 f5 14. Nc3 c5 15. d5 Qf6 16. Re1 Nc7 17. Ne5 Rd8 18. f4 h5 19. Kb1 Bd7 20. g4 hxg4 21. h5 g5 22. h6 Bxh6 23. Nxg4 fxg4 24. Ne4 Qxf4 25. Rxh6 Kg7 26. Nf6 Qf5 27. Bd3 Qf3 28. Rh7+ 1-0

[Event "SRB-chT Premier"]
[Site "Bajina Basta"]
[Date "2023.09.27"]
[Round "10.4"]
[White "Erdogmus, Yagiz Kaan"]
[Black "Djuric, Stefan"]
[Result "1-0"]
[WhiteElo "2483"]
[BlackElo "2248"]
[PlyCount "105"]
[EventDate "2023.09.18"]
[EventType "team-tourn"]
[EventRounds "11"]
[EventCountry "SRB"]
[SourceTitle "EXT 2024"]
[Source "ChessBase"]
[SourceDate "2023.10.10"]
[SourceVersion "1"]
[SourceVersionDate "2023.10.10"]
[SourceQuality "1"]
[WhiteTeam "Novi Sad SK"]
[BlackTeam "Belgrade Crvena Zvezda"]
[WhiteTeamCountry "SRB"]
[BlackTeamCountry "SRB"]

1. e4 e5 2. Nf3 Nc6 3. Bb5 a6 4. Ba4 Nf6 5. 0-0 Be7 6. Re1 b5 7. Bb3 0-0 8. h3 d6 9. c3 h6 10. d4 Re8 11. Nbd2 Bf8 12. Nf1 Bd7 13. Ng3 Na5 14. Bc2 c5 15. d5 Nc4 16. b3 Nb6 17. Be3 Qc7 18. Nh4 g6 19. Qd2 Kh7 20. Rf1 Qd8 21. f4 Ng4 22. Nxg6 fxg6 23. hxg4 Qh4 24. fxe5 dxe5 25. Rf7+ Kg8 26. Qf2 Be7 27. Rf1 Rf8 28. d6 Bxd6 29. Qf6 Qxf6 30. R7xf6 Rxf6 31. Rxf6 Nc8 32. Rxg6+ Kf7 33. Rxh6 Bxg4 34. Nf5 Bf8 35. Rh7+ Kg8 36. Rh4 Bxf5 37. exf5 Nd6 38. g4 e4 39. f6 Rd8 40. Kf2 c4 41. g5 Kf7 42. bxc4 bxc4 43. Bxe4 Ke6 44. Bh7 Rb8 45. Kf3 a5 46. Bg8+ Kd7 47. Bxc4 Rc8 48. Rh7+ Ke8 49. Bd3 Rxc3 50. Bg6+ Kd8 51. Rh8 Kd7 52. Rxf8 a4 53. f7 1-0

[Event "SRB-chT Premier"]
[Site "Bajina Basta"]
[Date "2023.09.24"]
[Round "7.2"]
[White "Nikitenko, Mihail"]
[Black "Erdogmus, Yagiz Kaan"]
[Result "1/2-1/2"]
[WhiteElo "2521"]
[BlackElo "2483"]
[PlyCount "66"]
[EventDate "2023.09.18"]
[EventType "team-tourn"]
[EventRounds "11"]
[EventCountry "SRB"]
[SourceTitle "EXT 2024"]
[Source "ChessBase"]
[SourceDate "2023.10.10"]
[SourceVersion "1"]
[SourceVersionDate "2023.10.10"]
[SourceQuality "1"]
[WhiteTeam "Kac Jugovic"]
[BlackTeam "Novi Sad SK"]
[WhiteTeamCountry "SRB"]
[BlackTeamCountry "SRB"]

1. e4 e5 2. Nf3 Nc6 3. Bc4 Nf6 4. d3 Be7 5. 0-0 0-0 6. Re1 d6 7. a3 Bg4 8. h3 Bxf3 9. Qxf3 Nd4 10. Qd1 c6 11. Ba2 Re8 12. Nd2 Bf8 13. Nf3 Ne6 14. Ng5 Nxg5 15. Bxg5 h6 16. Be3 a5 17. Qf3 d5 18. g4 Qd6 19. h4 Rad8 20. g5 hxg5 21. hxg5 Nh7 22. Qg2 Re6 23. f3 Rg6 24. Kf2 Be7 25. Rh1 Bxg5 26. Qh2 Rh6 27. Qg2 Rg6 28. Qh2 Rh6 29. Qg2 Qf6 30. Bb6 Ra8 31. Rxh6 Bxh6 32. Qg4 Nf8 33. Rh1 Ne6 1/2-1/2

[Event "SRB-chT Premier"]
[Site "Bajina Basta"]
[Date "2023.09.23"]
[Round "6.6"]
[White "Erdogmus, Yagiz Kaan"]
[Black "Raahul, VS."]
[Result "1-0"]
[WhiteElo "2483"]
[BlackElo "2339"]
[PlyCount "53"]
[EventDate "2023.09.18"]
[EventType "team-tourn"]
[EventRounds "11"]
[EventCountry "SRB"]
[SourceTitle "EXT 2024"]
[Source "ChessBase"]
[SourceDate "2023.10.10"]
[SourceVersion "1"]
[SourceVersionDate "2023.10.10"]
[SourceQuality "1"]
[WhiteTeam "Novi Sad SK"]
[BlackTeam "Nova Pazova Mladost"]
[WhiteTeamCountry "SRB"]
[BlackTeamCountry "SRB"]

1. e4 e6 2. d4 d5 3. e5 c5 4. c3 Qb6 5. Nf3 Bd7 6. Be2 Bb5 7. dxc5 Bxc5 8. 0-0 Bxe2 9. Qxe2 a5 10. c4 Qa6 11. Nc3 Qxc4 12. Qxc4 dxc4 13. Ne4 Be7 14. Nfd2 f5 15. Nc3 Nd7 16. Nxc4 Rc8 17. Nxa5 b6 18. Nb3 Nxe5 19. Re1 Bf6 20. Nb5 Nc4 21. N3d4 Kf7 22. b3 Rd8 23. Nxe6 Rd7 24. bxc4 Bxa1 25. Bf4 Kf6 26. Ng5 Be5 27. h4 1-0

[Event "SRB-chT Premier"]
[Site "Bajina Basta"]
[Date "2023.09.20"]
[Round "3.2"]
[White "Erdogmus, Yagiz Kaan"]
[Black "Ter Sahakyan, Samvel"]
[Result "1/2-1/2"]
[WhiteElo "2483"]
[BlackElo "2614"]
[PlyCount "58"]
[EventDate "2023.09.18"]
[EventType "team-tourn"]
[EventRounds "11"]
[EventCountry "SRB"]
[SourceTitle "EXT 2024"]
[Source "ChessBase"]
[SourceDate "2023.10.10"]
[SourceVersion "1"]
[SourceVersionDate "2023.10.10"]
[SourceQuality "1"]
[WhiteTeam "Novi Sad SK"]
[BlackTeam "Elemir Naftagas"]
[WhiteTeamCountry "SRB"]
[BlackTeamCountry "SRB"]

1. d4 Nf6 2. c4 e6 3. Nf3 d5 4. Nc3 c5 5. cxd5 exd5 6. g3 Nc6 7. Bg2 Be7 8. 0-0 0-0 9. dxc5 Bxc5 10. Bg5 d4 11. Bxf6 Qxf6 12. Ne4 Qe7 13. Nxc5 Qxc5 14. Rc1 Qb6 15. Qc2 h6 16. b3 Be6 17. Rfd1 Rfd8 18. Rd2 Rd7 19. Qc5 Rd5 20. Qxb6 axb6 21. Rcd1 g6 22. h4 Kg7 23. Nxd4 Rxd4 24. Rxd4 Nxd4 25. Rxd4 Rxa2 26. Bxb7 Rxe2 27. Rb4 Rb2 28. Rxb6 Rxb3 29. Rxb3 Bxb3 1/2-1/2

[Event "SRB-chT Premier"]
[Site "Bajina Basta"]
[Date "2023.09.18"]
[Round "1.3"]
[White "Erdogmus, Yagiz Kaan"]
[Black "Ivic, Velimir"]
[Result "1/2-1/2"]
[WhiteElo "2483"]
[BlackElo "2561"]
[PlyCount "136"]
[EventDate "2023.09.18"]
[EventType "team-tourn"]
[EventRounds "11"]
[EventCountry "SRB"]
[SourceTitle "EXT 2024"]
[Source "ChessBase"]
[SourceDate "2023.10.10"]
[SourceVersion "1"]
[SourceVersionDate "2023.10.10"]
[SourceQuality "1"]
[WhiteTeam "Novi Sad SK"]
[BlackTeam "Pozega"]
[WhiteTeamCountry "SRB"]
[BlackTeamCountry "SRB"]

1. e4 e5 2. Nf3 Nc6 3. Bb5 a6 4. Ba4 Nf6 5. 0-0 Be7 6. Re1 b5 7. Bb3 0-0 8. h3 Bb7 9. d3 d6 10. c3 Na5 11. Bc2 c5 12. d4 Qc7 13. d5 Nc4 14. a4 Nb6 15. b3 c4 16. b4 bxa4 17. Bxa4 Nxa4 18. Rxa4 Nd7 19. g4 a5 20. Be3 g6 21. bxa5 Rxa5 22. Nbd2 Rxa4 23. Qxa4 f5 24. Rb1 Ba8 25. Bh6 Rc8 26. gxf5 gxf5 27. Kh2 Bf8 28. Rg1+ Kh8 29. Bxf8 Rxf8 30. Ng5 Nc5 31. Qxc4 Qd7 32. Ne6 Nxe6 33. dxe6 Qa7 34. f3 Qe7 35. exf5 Rxf5 36. Qg4 Rf8 37. Ne4 Bxe4 38. fxe4 Qf6 39. Qf5 Qe7 40. Qg4 Qf6 41. h4 Re8 42. c4 Qf4+ 43. Qxf4 exf4 44. Kg2 Kg7 45. Kf3+ Kf6 46. Kxf4 Rc8 47. e7 Kxe7 48. Rg7+ Ke6 49. Rxh7 Rxc4 50. Rh6+ Ke7 51. Ke3 Rc1 52. h5 Re1+ 53. Kf4 Rf1+ 54. Kg5 Rg1+ 55. Kf5 Rf1+ 56. Kg4 Rg1+ 57. Kf3 Rf1+ 58. Ke2 Rh1 59. Rh8 Rh3 60. h6 Kf7 61. Kd2 Kg6 62. Rd8 Kf6 63. Rxd6+ Ke5 64. Ra6 Kxe4 65. Ke2 Kf5 66. Kf2 Kg5 67. Kg2 Rxh6 68. Rxh6 Kxh6 1/2-1/2

[Event "World ol U16"]
[Site "Eindhoven"]
[Date "2023.08.18"]
[Round "9.2"]
[White "Nurgaliyev, Sauat"]
[Black "Erdogmus, Yagiz Kaan"]
[Result "1/2-1/2"]
[WhiteElo "2273"]
[BlackElo "2483"]
[PlyCount "68"]
[EventDate "2023.08.13"]
[EventType "team-swiss"]
[EventRounds "9"]
[EventCountry "NED"]
[SourceTitle "CBM 215 Extra"]
[Source "ChessBase"]
[SourceDate "2023.09.30"]
[SourceVersion "1"]
[SourceVersionDate "2023.09.30"]
[SourceQuality "1"]
[WhiteTeam "Kazakhstan II"]
[BlackTeam "Turkey"]
[WhiteTeamCountry "KAZ"]
[BlackTeamCountry "TUR"]

1. e4 c5 2. Nf3 d6 3. d4 cxd4 4. Nxd4 Nf6 5. Nc3 a6 6. Bd3 e5 7. Nde2 Be7 8. 0-0 0-0 9. Ng3 Be6 10. Nd5 Bxd5 11. exd5 g6 12. c4 Nbd7 13. Kh1 Ne8 14. Bh6 Ng7 15. f4 f5 16. fxe5 Nxe5 17. Bxg7 Kxg7 18. Ne2 Qb6 19. Nf4 Kg8 20. Ne6 Rf7 21. b3 Bf6 22. Rc1 Re8 23. Be2 Nd7 24. Qd2 Nf8 25. b4 Qa7 26. Bf3 b6 27. g4 f4 28. g5 Be5 29. Bg4 a5 30. Nxf4 Bxf4 31. Rxf4 Rxf4 32. Qxf4 axb4 33. Qxd6 Qxa2 34. Rf1 Qxc4 1/2-1/2

[Event "Titled Tuesday intern op 25th Jul Late"]
[Site "Chess.com INT"]
[Date "2023.07.25"]
[Round "1"]
[White "Erdogmus, Yagiz Kaan"]
[Black "Ismayil, Malak"]
[Result "1-0"]
[WhiteElo "2483"]
[BlackElo "2158"]
[PlyCount "107"]
[EventDate "2023.07.25"]
[EventType "swiss (blitz)"]
[EventRounds "11"]
[EventCountry "USA"]
[SourceTitle "EXT 2024"]
[Source "ChessBase"]
[SourceDate "2023.10.10"]
[SourceVersion "1"]
[SourceVersionDate "2023.10.10"]
[SourceQuality "1"]

1. e4 e5 2. Nf3 Nc6 3. Bc4 Bc5 4. c3 Nf6 5. d4 exd4 6. cxd4 Bb4+ 7. Nbd2 Nxe4 8. d5 Ne7 9. 0-0 Nxd2 10. Bxd2 Bxd2 11. d6 cxd6 12. Qxd2 0-0 13. Qxd6 Nf5 14. Qf4 d5 15. Rad1 Ne7 16. Bb3 Be6 17. Nd4 Bd7 18. Rfe1 Ng6 19. Qg3 Bc6 20. f4 Qf6 21. f5 Ne7 22. Qf4 Rfe8 23. g3 Rad8 24. Re5 Nc8 25. Rde1 Rxe5 26. Rxe5 Nb6 27. g4 Nc4 28. Re2 Qh4 29. Nf3 Qf6 30. g5 Qd6 31. Qd4 Qd7 32. Bc2 Nd6 33. Ne5 Qc8 34. f6 Ne4 35. fxg7 Qf5 36. Bxe4 Qxg5+ 37. Bg2 Qc1+ 38. Kf2 Bb5 39. Qe3 Qc7 40. Rd2 Re8 41. Rxd5 Bc6 42. Rc5 Qd6 43. Bxc6 bxc6 44. b4 Qf6+ 45. Ke2 Re6 46. b5 cxb5 47. Rxb5 Qe7 48. Kf2 f6 49. Rb8+ Kxg7 50. Qg3+ Kh6 51. Ng4+ Kg5 52. Ne3+ Kh6 53. Nf5+ Kh5 54. Nxe7 1-0

[Event "Titled Tuesday intern op 25th Jul Late"]
[Site "Chess.com INT"]
[Date "2023.07.25"]
[Round "4"]
[White "Erdogmus, Yagiz Kaan"]
[Black "Jaskolka, Tomasz"]
[Result "1-0"]
[WhiteElo "2483"]
[BlackElo "2238"]
[PlyCount "45"]
[EventDate "2023.07.25"]
[EventType "swiss (blitz)"]
[EventRounds "11"]
[EventCountry "USA"]
[SourceTitle "EXT 2024"]
[Source "ChessBase"]
[SourceDate "2023.10.10"]
[SourceVersion "1"]
[SourceVersionDate "2023.10.10"]
[SourceQuality "1"]

1. c4 c6 2. Nc3 d6 3. d4 Nf6 4. Nf3 Nbd7 5. Bg5 Qc7 6. e3 e5 7. Bd3 Be7 8. Qc2 h6 9. Bh4 Nf8 10. 0-0-0 Bg4 11. dxe5 dxe5 12. Bf5 Ne6 13. Bxf6 Bxf5 14. Qxf5 Bxf6 15. Ne4 Qe7 16. Nd6+ Kf8 17. Nxe5 Bxe5 18. Qxe5 Rd8 19. Nf5 Qf6 20. Rxd8+ Qxd8 21. Rd1 Qc8 22. Qd6+ Kg8 23. Ne7+ 1-0